=LDR 00000nam 2200000 4500 =001 INLIS000000000056013 =005 20200819013002 =035 ##$$a 0010-0820000154 =007 ta =008 200819################g##########0#ind## =082 ##$$a 2X8.9 =084 ##$$a 2X8.9 MEN m =245 ##$$a Mengenal lebih dekat Jama'ah tabligh /$c Penerjemah: Tim pustaka qaba-il =260 ##$$a Malang :$b Pustaka Qaba-il,$c 2008 =300 ##$$a 112 hlm ; $c 18 x 12 cm =600 #4$$a Jama'ah Tabligh =250 ##$$a cet.1 =990 ##$$a 1200800508 =990 ##$$a 20800470 =990 ##$$a 20800473 =990 ##$$a 10361036 =990 ##$$a 20800471 =990 ##$$a 1200800508 =990 ##$$a 20800470 =990 ##$$a 20800473 =990 ##$$a 1200800518 =990 ##$$a 20800471 =990 ##$$a 1200800508 =990 ##$$a 20800470 =990 ##$$a 20800473 =990 ##$$a 1200800518